Penggunaan bahasa Melayu dalam naskhah melayu Patani
| Main Author: | |
|---|---|
| Format: | Book |
| Published: |
Kuala Lumpur :
Dewan Bahasa dan Pustaka ,
2018
|
| Subjects: |
MARC
| LEADER | 00000cam a2200000 7i4500 | ||
|---|---|---|---|
| 001 | 0000234130 | ||
| 005 | 20190423.0 | ||
| 020 | |a 9789834903138 | ||
| 090 | 0 | 0 | |a 499.23 |b HAM |
| 100 | 0 | |a Hamsdan Abd. Rahman | |
| 245 | 1 | 0 | |a Penggunaan bahasa Melayu dalam naskhah melayu Patani |c Hamdan Abd. Rahman |
| 260 | |a Kuala Lumpur : |b Dewan Bahasa dan Pustaka , |c 2018 | ||
| 300 | |a 314p. ; |c 22cm. | ||
| 650 | 0 | |a Malay language |x Usage |z Thailand | |
| 999 | |a 00369551 |b BUKU |c PINJAMAN |e PERPUSTAKAAN KOMUNITI PETALING JAYA | ||